General Law British. (Record no. 272)

MARC details
005 - DATE AND TIME OF LATEST TRANSACTION
control field 20250620132751.0
082 ## - DEWEY DECIMAL CLASSIFICATION NUMBER
Classification number LM 347 NAL
245 ## - TITLE STATEMENT
Title General Law British.
260 ## - PUBLICATION, DISTRIBUTION, ETC.
Place of publication, distribution, etc. London,
Name of publisher, distributor, etc. Mabledon Place,
Date of publication, distribution, etc. 1978.
300 ## - PHYSICAL DESCRIPTION
Extent 129p.: ill.; figure
Dimensions 31cm.
610 ## - SUBJECT ADDED ENTRY--CORPORATE NAME
Title of a work DTS General Law and Constitutional Background
Corporate name or jurisdiction name as entry element NALGO Correspondence Institute
942 ## - ADDED ENTRY ELEMENTS (KOHA)
Source of classification or shelving scheme Dewey Decimal Classification
Koha item type Books
Holdings
Date last seen Total checkouts Full call number Barcode Cost, replacement price Price effective from Koha item type Lost status Source of classification or shelving scheme Damaged status Not for loan Withdrawn status Home library Current library Shelving location Date acquired Cost, normal purchase price
03/10/2025   LM 347 NAL 000000825 30000.00 03/10/2025 Books   Dewey Decimal Classification       College of Business Education Main Library College of Business Education Main Library General Collection 03/10/2025 10000.00